Score 0/22 Timer 03:00
0 Plays Today
Clue 4-Letter Word % Correct
The front of the leg below the kneeSHIN
93.9%
When hand meets cheekSLAP
92.1%
Tonto's partner: The ___ RangerLONE
86.3%
A dress-length woman's undergarmentSLIP
85.8%
'On the Good ___ Lollipop'SHIP
84.6%
Tense up a muscleFLEX
84.2%
Run away fromFLEE
83.6%
Mattress-supporting wood pieceSLAT
79.2%
FLAT
78.6%
Fiber for making linenFLAX
75.1%
___ Patch KidsSOUR
72.1%
Clue 4-Letter Word % Correct
___ d'étatCOUP
70.2%
Relative of Ltd. or Inc.CORP
65.2%
Fireplace componentFLUE
64.4%
A body of traditional knowledgeLORE
62.1%
Bird's nest or mock turtle, e.g.SOUP
60.9%
The essential meaningCORE
59.3%
The [Rung 1] [Rung 12] [Rung 22]: A colloquial term for the police✶ BLUE ✶
55.2%
Make indistinct as with spoken wordsSLUR
54.5%
Band behind 'Song 2'BLUR
52.4%
The [Rung 1] [Rung 12] [Rung 22]: A colloquial term for the police✶ THIN ✶
36.5%
The [Rung 1] [Rung 12] [Rung 22]: A colloquial term for the police✶ LINE ✶
35.6%

Today's Daily Dose

Remove Ads.
Support Sporcle.
Get the best of Sporcle when you Go Orange. This ad-free experience offers more features, more stats, and more fun while also helping to support Sporcle. Thank you for becoming a member.

You're not logged in!

Compare scores with friends on all Sporcle quizzes.
OR
Log In

Show Comments

Extras

Top Quizzes Today


Score Distribution

Your Account Isn't Verified!

In order to create a playlist on Sporcle, you need to verify the email address you used during registration. Go to your Sporcle Settings to finish the process.

Report this User

Report this user for behavior that violates our Community Guidelines.

Details: